Largest Countries Containing 'A' - Statistics

General Stats
  • This quiz has been taken 488 times
  • The average score is 17 of 20
Answer Stats
km Country mi % Correct
17,098,242 Russia 6,601,668
99%
9,984,670 Canada 3,855,100
98%
9,572,900 China 3,696,100
98%
9,526,468 United States 3,678,190
98%
3,166,414 India 1,222,559
96%
2,780,400 Argentina 1,073,500
95%
7,692,024 Australia 2,969,907
95%
8,515,767 Brazil 3,287,956
95%
2,381,741 Algeria 919,595
92%
1,904,569 Indonesia 735,358
85%
2,724,900 Kazakhstan 1,052,100
84%
2,344,858 D.R. Congo 905,355
80%
2,149,690 Saudi Arabia 830,000
80%
1,564,110 Mongolia 603,910
79%
1,648,195 Iran 636,372
77%
1,886,068 Sudan 728,215
76%
1,759,540 Libya 679,360
72%
1,284,000 Chad 496,000
71%
1,240,192 Mali 478,841
66%
1,246,700 Angola 481,400
62%
No matching quizzes found
Score Distribution
Percent of People with Each Score
Percentile by Number Answered
Your Score History
You have not taken this quiz